Radiological monitoring of oil and gas facilities in Malaysia associated with technologically enhanced naturally occuring radioactive materials (TENORM) /
Saved in:
| Main Author: | |
|---|---|
| Format: | Thesis Book |
| Language: | English |
| Published: |
2006.
|
| Subjects: | |
| Tags: |
Add Tag
No Tags, Be the first to tag this record!
|
| LEADER | 00963cam a2200241 a 4500 | ||
|---|---|---|---|
| 001 | u749264 | ||
| 003 | SIRSI | ||
| 005 | 200712071036 | ||
| 008 | 071207s2006 my a t 000 0 eng m | ||
| 040 | |a UMM | ||
| 090 | |a QC3 |b UM 2006 Mohths | ||
| 100 | 0 | |a Mohd. Taha Haji Suja'. | |
| 245 | 1 | 0 | |a Radiological monitoring of oil and gas facilities in Malaysia associated with technologically enhanced naturally occuring radioactive materials (TENORM) / |c by Mohd. Taha b. Hj. Suja'. |
| 260 | |c 2006. | ||
| 300 | |a xiii, 144 leaves : |b ill. ; |c 30 cm. | ||
| 502 | |a Dissertation (M.Sc.) -- Jabatan Fizik, Fakulti Sains, Universiti Malaya, 2007. | ||
| 504 | |a Bibliography: leaves 132-136. | ||
| 650 | 0 | |a Radiation |x Measurement. | |
| 650 | 0 | |a Petroleum industry and trade |z Malaysia. | |
| 710 | 2 | |a Universiti Malaya. |b Jabatan Fizik. | |
| 900 | |a SK | ||
| 596 | |a 1 | ||
| 999 | |a QC3 UM 2007 MOHTHS |w LC |c 1 |i A513149603 |d 21/12/2007 |f 21/12/2007 |g 2 |l STACKS |m P01UTAMA |r Y |s Y |t TESIS |u 21/12/2007 | ||
